000
00229nam a22001097a 4500
082
_a
621.47 RAP
100
_a
RAPP,DONALD
_9
74786
245
_a
SOLAR ENERGY
260
_a
USA
_b
PRENTICE HALL
_c
1981
300
_a
516P
942
_c
BK
999
_c
580286
_d
580286